| Tag |
First Indicator |
Second Indicator |
Subfields |
| LEADER |
00000cam a2200000 i 4500 |
| 001 |
in00000074373 |
| 005 |
20151008052601.0 |
| 008 |
790409s1937 nyu 00110 eng d |
| 035 |
|
|
|a (OCoLC)04835780
|
| 035 |
|
|
|9 AAH3992AM
|
| 040 |
|
|
|a SUC
|c SUC
|d TXA
|d UtOrBLW
|
| 049 |
|
|
|a TXAM
|c [72154]
|
| 090 |
|
|
|a HG4910
|b .R4 1938
|
| 092 |
|
|
|a 332.630973
|b R375f2
|
| 100 |
1 |
|
|a Reis, Bernard J.
|
| 245 |
1 |
0 |
|a False security ;
|b the betrayal of the American investor /
|c [by] Bernard J. Reis; introduction by John T. Flynn.
|
| 250 |
|
|
|a 2d ed.
|
| 264 |
|
1 |
|a New York :
|b Dodge,
|c [1937]
|
| 264 |
|
4 |
|c [©1937]
|
| 300 |
|
|
|a 2 pages ., vii-xv pages, 1 ., 362 pages ;
|c 22 cm.
|
| 336 |
|
|
|a text
|b txt
|2 rdacontent
|
| 337 |
|
|
|a unmediated
|b n
|2 rdamedia
|
| 338 |
|
|
|a volume
|b nc
|2 rdacarrier
|
| 504 |
|
|
|a Includes bibliographical references and index.
|
| 650 |
|
0 |
|a Investments
|z United States.
|
| 650 |
|
0 |
|a Securities
|z United States.
|
| 999 |
|
|
|a MARS
|
| 999 |
f |
f |
|s 45417237-3f01-3ed9-8fc2-fcecbbb9f3ec
|i 86fe09ac-652a-3a42-9c5e-49ce506d2dbf
|t 0
|
| 952 |
f |
f |
|p ric
|a Texas A&M University
|b Rellis Campus
|c Joint Library Facility
|d Remote Storage
|t 0
|e HG4910 .R4 1938
|h Library of Congress classification
|i unmediated -- volume
|m A14800736470
|
| 998 |
f |
f |
|a HG4910 .R4 1938
|t 0
|l Remote Storage
|